Statistiche per Paesi francofoni

Clicka qui per fare il quiz!

Statistiche generali

  • Questo quiz è stato fatto 1.517 volte
  • Il punteggio medio è 16 su 27

Statistiche sulle risposte

%Paese% Corretto
97%Francia
99%
72%Belgio
88%
33%Algeria
88%
31%Marocco
86%
54%Tunisia
83%
29%Canada
80%
66%Svizzera
79%
96%Lussemburgo
77%
29%Senegal
75%
47%Repubblica Democratica
del Congo
73%
58%Repubblica del Congo
73%
79%Monaco
71%
70%Andorra
66%
34%Costa d'Avorio
63%
40%Camerun
57%
39%Togo
55%
35%Benin
49%
61%Gabon
49%
42%Haiti
46%
29%Repubblica Centrafricana
36%
73%Mauritius
35%
53%Seychelles
34%
25%Comoros
29%
29%Guinea Equatoriale
28%
50%Gibuti
25%
38%Libano
24%
31%Vanuatu
17%

Distribuzione punteggi

Percentile per numero di risposta

Percentuale di utenti per punteggio

I tuoi punteggi nel tempo

Non hai fatto questo quiz